El riego superficial

Bibliographic Details
Main Author: Booher, L. J.
Format: Section = Libro
Language:Undetermined
Spanish
Published: Italia FAO 1974
Subjects:
LEADER 00396nam a2200169Ia 4500
008 240830s9999 xx 000 0 und d
040 |a B-ESTELÍ- RUACS / 631.587 B724 
041 |a spa 
082 |a 631.587 B724 
100 1 |a Booher, L. J. 
245 1 0 |a El riego superficial 
260 |a Italia  |b FAO  |c 1974 
300 |a 162 p.: il. 
650 7 |a RIEGO 
942 |c BK  |2 ddc 
991 |a TEXTO 
999 |c 11328